Women as workers; (Record no. 36818)
[ view plain ]
| 000 -LEADER | |
|---|---|
| fixed length control field | 00775cam a22002411 4500 |
| 001 - CONTROL NUMBER | |
| control field | l 53000173 |
| 003 - CONTROL NUMBER IDENTIFIER | |
| control field | DLC |
| 005 - DATE AND TIME OF LATEST TRANSACTION | |
| control field | 20260227111543.0 |
| 008 - FIXED-LENGTH DATA ELEMENTS--GENERAL INFORMATION | |
| fixed length control field | 750127s1953 xx 000 0 eng |
| 010 ## - LIBRARY OF CONGRESS CONTROL NUMBER | |
| LC control number | l 53000173 |
| 035 ## - SYSTEM CONTROL NUMBER | |
| System control number | (OCoLC)1152655 |
| 040 ## - CATALOGING SOURCE | |
| Original cataloging agency | DLC |
| Transcribing agency | NIC |
| Modifying agency | OCoLC |
| -- | DLC |
| 050 00 - LIBRARY OF CONGRESS CALL NUMBER | |
| Classification number | HD6093 |
| Item number | .A55 1953 |
| 086 0# - GOVERNMENT DOCUMENT CLASSIFICATION NUMBER | |
| Classification number | L 13.2:W 84/29/953 |
| 110 1# - MAIN ENTRY--CORPORATE NAME | |
| Corporate name or jurisdiction name as entry element | United States. |
| Subordinate unit | Women's Bureau. |
| 245 10 - TITLE STATEMENT | |
| Title | Women as workers; |
| Remainder of title | a statistical guide |
| Statement of responsibility, etc. | [by Jean S. Campbell] |
| 260 ## - PUBLICATION, DISTRIBUTION, ETC. | |
| Place of publication, distribution, etc. | Washington |
| Name of publisher, distributor, etc. | [U.S. Govt. Print. Off., |
| Date of publication, distribution, etc. | 1953] |
| 300 ## - PHYSICAL DESCRIPTION | |
| Extent | iv, 112 p. |
| Other physical details | illus. |
| Dimensions | 20 x 26cm. |
| 500 ## - GENERAL NOTE | |
| General note | Issued in 1950 and 1952 in preliminary form. |
| 650 #0 - SUBJECT ADDED ENTRY--TOPICAL TERM | |
| Topical term or geographic name entry element | Women |
| General subdivision | Employment |
| Geographic subdivision | United States. |
| 650 #0 - SUBJECT ADDED ENTRY--TOPICAL TERM | |
| Topical term or geographic name entry element | Women |
| Geographic subdivision | United States |
| Form subdivision | Statistics. |
| 700 1# - ADDED ENTRY--PERSONAL NAME | |
| Personal name | Campbell, Jean Scott |
No items available.